Introduction to analytic number theory

Saved in:
Bibliographic Details
Main Author: Chandrasekharan, K. (Komaravolu), 1920-2017
Format: Book
Language:English
Published: Berlin : Springer-Verlag, 1968.
Series:Grundlehren der mathematischen Wissenschaften ; 148
Subjects:
Tags: Add Tag
No Tags, Be the first to tag this record!

MARC

LEADER 00000cam a2200000 i 4500
001 1/27782
008 100622s1968 gw | ||| |||| | eng||
020 |a 3540041419  
035 |a 1995  |l 10037908 
035 |l 10108318 
040 |a GR-MY-UA  |b gre  |e aacr 
041 0 |a eng 
082 0 |a 512.73  |2 (22) 
100 1 |a Chandrasekharan, K.   |q (Komaravolu),   |d 1920-2017. 
245 1 0 |a Introduction to analytic number theory /   |c K. Chandrasekharan.  
260 |a Berlin :   |b Springer-Verlag,   |c 1968.  
300 |a viii, 140 σ. ;   |c 24 εκ.  
490 1 |a (Grundlehren der mathematischen Wissenschaften  |v ; 148)  
500 |a Περιλαμβάνει ευρετήριο.  
650 0 0 |a Number theory. 
830 0 |a Grundlehren der mathematischen Wissenschaften ;  |v  148  
852 |a INST  |b SAMOS  |e 19960502  |h 512.73 CHA  |p 005300005179  |q 005300005179  |t BK  |y 0 
852 |a INST  |b SAMOS  |c MAG  |e 20100622  |h 512.73 CHA  |p 005300031705  |q 005300031705  |t BK  |y 0 
901 |a BIBL3-2010-2 
970 |a ΣΙΤΖΙΜΗ  |b ΓΙΑΣΕΜΗ  |z 2010/06/22